Southville International School and Colleges
Your cart is empty.
  • Cart
  • Lists
    Public lists Eva Luna New books Lux_list list_1
    Your lists Log in to create your own lists
  • Log in to your account
  • Your cookies
  • Search history
Southville International School and Colleges
  • Advanced search
  • Recent comments
  • Most popular
  • Libraries

Log in to your account

Log in with GOOGLE


If you do not have an external account, but do have a local account, you can still log in:

  1. Home
  2. MARC view: Business correspondence with style :
Normal view MARC view ISBD view

Business correspondence with style : (Record no. 363088)

[ view plain ]
MARC details
000 -LEADER
fixed length control field 00762nam a2200241Ia 4500
008 - FIXED-LENGTH DATA ELEMENTS--GENERAL INFORMATION
fixed length control field 191119s9999 xx 000 0 und d
020 ## - INTERNATIONAL STANDARD BOOK NUMBER
International Standard Book Number 978-971-98-0873-2
050 ## - LIBRARY OF CONGRESS CALL NUMBER
Classification number FIL HF 5721
050 ## - LIBRARY OF CONGRESS CALL NUMBER
Item number .B37 2018
100 ## - MAIN ENTRY--PERSONAL NAME
Personal name Barrot, Jessie S.
245 #0 - TITLE STATEMENT
Title Business correspondence with style :
245 #2 - TITLE STATEMENT
Remainder of title a guide to efective business English and correspondence for college students and professionals /
245 #0 - TITLE STATEMENT
Statement of responsibility, etc Jessie S. Barrot.
260 ## - PUBLICATION, DISTRIBUTION, ETC. (IMPRINT)
Place of publication, distribution, etc Philippines :
260 ## - PUBLICATION, DISTRIBUTION, ETC. (IMPRINT)
Name of publisher, distributor, etc C&E Publishing,
260 ## - PUBLICATION, DISTRIBUTION, ETC. (IMPRINT)
Date of publication, distribution, etc 2018
300 ## - PHYSICAL DESCRIPTION
Extent 321 pages :
300 ## - PHYSICAL DESCRIPTION
Dimensions 26 cm.
500 ## - GENERAL NOTE
General note Includes bibliographic references and index.
650 ## - SUBJECT ADDED ENTRY--TOPICAL TERM
Topical term or geographic name as entry element Business correspondence.
650 ## - SUBJECT ADDED ENTRY--TOPICAL TERM
Topical term or geographic name as entry element English language -- Business English.
650 ## - SUBJECT ADDED ENTRY--TOPICAL TERM
General subdivision Business communication.
Holdings
Withdrawn status Lost status Damaged status Home library Current library Shelving location Date acquired Cost, normal purchase price Total Checkouts Full call number Barcode Date last seen Price effective from Koha item type
      South Mansfield College South Mansfield College Filipiniana Section 08/01/2019 427.50   FIL HF 5721 .B37 2018 SMC06223 06/01/2020 06/01/2020 Books

Business correspondence with style :

APA

Barrot J. S., .Business correspondence with style. Philippines: .

Chicago

Barrot Jessie S, .Business correspondence with style. Philippines: .

Harvard

Barrot J. S., .Business correspondence with style. Philippines: .

MLA

Barrot Jessie S, .Philippines: . .

  • Place hold
  • Print
  • Cite
  • Add to your cart (remove)
  • Save record
    BIBTEX Dublin Core MARCXML MARC (non-Unicode/MARC-8) MARC (Unicode/UTF-8) MARC (Unicode/UTF-8, Standard) MODS (XML) RIS
  • More searches
    Search for this title in:
    Other Libraries (WorldCat) Other Databases (Google Scholar) Online Stores (Bookfinder.com) Open Library (openlibrary.org)

Exporting to Dublin Core...

SOUTHVILLE LIBRARY

Southville International School and Colleges Library

1281 Tropical Ave. Cor. Luxembourg St., BF Homes International, Las Pinas City

Tel. No. 8256374 / 252358 Loc. 117/146

Powered by Koha